Central Library OPAC University of Rajshahi

ইতিহাসের মুহূর্ত, ইতিহাসের মানুষ : (Record no. 80212)

MARC details
000 -LEADER
fixed length control field 00848nam a2200229 a 4500
001 - CONTROL NUMBER
control field 80212
003 - CONTROL NUMBER IDENTIFIER
rucl marc code BD-RjUL
005 - DATE AND TIME OF LATEST TRANSACTION
control field 20220821111053.0
008 - FIXED-LENGTH DATA ELEMENTS--GENERAL INFORMATION
fixed length control field 220821s2022 bg ||||| |||| 00| 0 ben d
020 ## - INTERNATIONAL STANDARD BOOK NUMBER
International Standard Book Number 9789849641858
035 ## - SYSTEM CONTROL NUMBER
System control number (BD-RjUL)80212
040 ## - CATALOGING SOURCE
Original cataloging agency BD-RjUL
Language of cataloging eng
Transcribing agency BD-RjUL
041 ## - LANGUAGE CODE
Language code of text/sound track or separate title ben
082 ## - DEWEY DECIMAL CLASSIFICATION NUMBER
Edition number 23
Classification number 954.92
Author mark and year KAI 2022
100 ## - MAIN ENTRY--PERSONAL NAME
Personal name কাশেম, আবুল
9 (RLIN) 4426
245 10 - TITLE STATEMENT
Title ইতিহাসের মুহূর্ত, ইতিহাসের মানুষ :
Remainder of title পূর্ববাংলা থেকে বাংলাদেশ /
Statement of responsibility, etc. আবুল কাশেম
260 ## - PUBLICATION, DISTRIBUTION, ETC. (IMPRINT)
Place of publication, distribution, etc. ঢাকা :
Name of publisher, distributor, etc. কথাপ্রকাশ,
Date of publication, distribution, etc. ২০২২
300 ## - PHYSICAL DESCRIPTION
Pagination ১২০ পৃ.;
Size ২২ সেমি.
650 ## - SUBJECT ADDED ENTRY--TOPICAL TERM
Topical term or geographic name as entry element বাংলাদেশ
General subdivision ইতিহাস
Topical term or geographic name as entry element Bangladesh
General subdivision History
942 ## - ADDED ENTRY ELEMENTS (KOHA)
Source of classification or shelving scheme Dewey Decimal Classification
Koha item type Books
Holdings
Lost status Source of classification or shelving scheme Damaged status Not for loan Collection code Permanent Location Current Location Shelving location Date acquired Source of acquisition Cost, normal purchase price Total Checkouts Full call number Date last seen Copy number Koha item type Date checked out
  Dewey Decimal Classification   Not For Loan Non-fiction Central Library, University of Rajshahi Central Library, University of Rajshahi Reading Room 30/06/2022 Rajshahi : News Home 237.84   B 954.92 KAI 2022 21/08/2022 C-1 Books  
  Dewey Decimal Classification     Non-fiction Central Library, University of Rajshahi Central Library, University of Rajshahi General Stacks 30/06/2022 Rajshahi : News Home 237.84   B 954.92 KAI 2022 21/08/2022 C-2 Books  
  Dewey Decimal Classification     Non-fiction Central Library, University of Rajshahi Central Library, University of Rajshahi General Stacks 30/06/2022 Rajshahi : News Home 237.84 1 B 954.92 KAI 2022 15/09/2025 C-3 Books 04/09/2025